00791 a2200157 45000010006000000050017000060080041000230030015000640400040000790800120001192450046002392640043002853000019003285050263003471000023006105491720260407155824.0260407a1973 arg spa dAR-UNSa-BCEJYS aAR-UNSa-BCEJYSbspacAR-UNSa-BCEJYS a330(8)xEconomía de América del Sur. Estados y Regiones de América del Sur. América Latina. Iberoamérica 10aCambios de estructura en América Latina 1aBuenos Aires :bCuenca Edicionesc1973 a223 p.c20 cm. aI. Las estructuras de la sociedad - II. La estructura de las clases sociales - III. La estructura económica y la estructura productiva - IV. La estructura del poder - V. La estructura ideológica - VI. El proceso de cambio - VII. Los cambios de estructura1 aCholvis, Francisco